000 00925nam a22002297a 4500
003 OSt
005 20260211081940.0
008 240820b ||||| |||| 00| 0 eng d
040 _c0
082 _aDPer 320.05 As421 April-December 2020 v. 28 n. 1-3
100 _aKadir, Jawad.
_eauthor.
_958463
245 _aDoes conflict begin at home?—using family dynamics to understand the Hindu-Muslim conflict in British India :
_b1907-1947 /
_cJawad Kadir and Majida Jawad.
260 _aUnited Kingdom ;
_bTaylor & Francis Group ,
_cAugust 2020.
300 _aVolume 28, pages 71-96 :
_c26 cm.
500 _aAsian Journal of Political Science, vol. 28, no. 2, pages 71-96, August 2020.
650 0 _aBritish India.
_967008
650 0 _aHindu-Muslim conflict.
_967009
650 0 _aPsycho-cultural analysis.
_967010
700 _aKadir, Jawad.
_eauthor.
_958463
700 _aJawad, Majida.
_eauthor.
_958464
942 _2ddc
_cPER
999 _c20695
_d20695